Mercado y reforma de la gestión del agua en Perú /

Guardado en:
Bibliografiske detaljer
Hovedforfatter: Zegarra, Eduardo
Format: Texto
Tags: Tilføj Tag
Ingen Tags, Vær først til at tagge denne postø!

MARC

LEADER 00000 a a2200000 04500
001 15979
003
040
100 |a Zegarra, Eduardo  
245 |a Mercado y reforma de la gestión del agua en Perú /  |c Eduardo Zegarra 
773 |g número 83; páginas 107-120  
999 |c 33165  |d 33165